LEADER 01125cam0-22004211i-450- 001 990006741690403321 005 20060516131612.0 010 $a88-15-01161-7 035 $a000674169 035 $aFED01000674169 035 $a(Aleph)000674169FED01 035 $a000674169 100 $a20010426d1987----km-y0itay50------ba 101 0 $aita 102 $aIT 105 $ay-------001yy 200 1 $aAntropologia politica$fTed C. Lewellen 210 $aBologna$cil Mulino$d1987 215 $a192 p.$d21 cm 225 1 $aUniversale paperbacks Il mulino$v200 454 0$12001$aPolitical Anthropology$938431 610 0 $aPolitica$aSistemi$aAspetti antropologici 676 $a306.2 676 $a13110 676 $a19310 700 1$aLewellen,$bTed C.$0118898 801 0$aIT$bUNINA$gRICA$2UNIMARC 901 $aBK 912 $a990006741690403321 952 $aCOLLEZ. 28 (200)$b10339$fFSPBC 952 $a306.2 LEW 2$b3081$fBFS 952 $a19310 LEW$b4206$fSES 959 $aFSPBC 959 $aBFS 959 $aSES 959 $aDECTS 996 $aPolitical anthropology$938431 997 $aUNINA LEADER 01181nas 2200373 c 450 001 9910895315603321 005 20260218112954.0 035 $a(DE-599)ZDB3041553-6 035 $a(OCoLC)1225565669 035 $a(DE-101)1219539619 035 $a(CKB)4100000011741946 035 $a(DE-599)3041553-6 035 $a(EXLCZ)994100000011741946 100 $a20201013a20189999 |y | 101 0 $aspa 135 $aur||||||||||| 181 $ctxt$2rdacontent 182 $cc$2rdamedia 183 $acr$2rdacarrier 200 10$aAccidentalidad en deportes de montan?a de Federados FEDME$fFederacio?n Espan?ola de Deportes de Montan?a y Escalada, Comite? de Seguridad 210 31$a[Barcelona?]$cFEDME, Federacio?n Espan?ola de Deportes de Montan?a y Escalada, Comite? de Seguridad$d[2018?]- 215 $aOnline-Ressource 300 $aGesehen am 25.07.2024 608 $aZeitschrift$2gnd-content 676 $a793 676 $a796 676 $a360 801 0$b0204 801 1$bDE-101 801 2$b9999 906 $aJOURNAL 912 $a9910895315603321 996 $aAccidentalidad en deportes de montaņa de Federados FEDME$94261955 997 $aUNINA